000 00621nam a22002177a 4500
008 240706b mp ||||| |||| 00| 0 mon d
035 _a3985
040 _aBH0164090
_bmon
_cMN-UlNLM
_dMN-UlNLM
_erda
041 _amon
042 _a55584
084 _2NNA
_a84/2орос/
_bМ-263
100 _aМаркес Г.
245 0 _aЗуун жилийн ганцаарал
264 _aУлаанбаатар
_bМон судар
_c2007
300 _a319х.
336 _2rdacontent
_atext
_btxt
337 _2rdamedia
_aunmediated
_bn
338 _2rdacarrier
_avolume
_bnc
650 _aРоман
942 _2NNA
_cBK
999 _c1103376
_d1103433